000 00604nam a2200277Ia 4500
005 20260127113115.0
008 008 260114s9999 xx 000 0 eng d
020 _a9788178312477
037 _aTextbook
040 _aPSDL
040 _beng
040 _cPSDL
041 _2eng
041 _aeng
084 _qPSDL
100 _aKumar, Parvesh
_91109863
245 0 _aDalit Asmita ki Rajniti
245 0 _cKumar, Parvesh
260 _aDelhi
260 _bManak Publication
260 _c2011
300 _a232p.
942 _cTB
999 _c1675812
_d1675812